Country Flags that Break Rule Zero - Statistics

General Stats
  • This quiz has been taken 101 times
  • The average score is 9 of 10
Answer Stats
Picture Answer % Correct
Iran
94%
Paraguay
91%
Costa Rica
90%
El Salvador
90%
Dominican Republic
86%
Venezuela
86%
Afghanistan
85%
Brunei
85%
Nicaragua
85%
Bolivia
83%
No matching quizzes found
Score Distribution
Percent of People with Each Score
Percentile by Number Answered
Your Score History
You have not taken this quiz